000 00209 a2200097 4500
001 42142
100 _aGingrich A
245 _aThe Esquire Treasury
260 _a
_bW Heinemann Ltd
_c
090 _c26132
_d26132
942 _aNUST-CAE
_cM
_c17928
999 _c277215
_d277215